Responses for Show #4861 - Monday, October 31, 2005

Maria Wenglinsky game 1.

Contestants

[<< previous game]

Steve Ostini, a radio broadcast producer from Santa Clarita, California

Maria Wenglinsky, a teacher originally from Salt Lake City, Utah

Joey Bland, an actor and improviser from Chicago, Illinois (whose 2-day cash winnings total $48,200)

[next game >>]

Jeopardy! Round responses

ON THE MAP
SPORTS LEGENDS
FIBERS
VICTORIAN VERSE
THERE'S A FIRST TIME FOR EVERYTHING
"CHIN" UP
    $200 1
Turkey

Joey
    $200 24
(Wayne) Gretzky

Joey
    $200 18
asbestos

Maria
    $200 6
(Joey: What is the Jabberwocky?)

the Jabberwock

JoeyMaria
    $200 16
the Pacific

Joey
    $200 11
chinchilla

Steve
    $400 2
Portugal

Joey
    $400 23
Minnesota Fats

Joey
    $400 19
spandex

Steve
    $400 7
"The Charge of the Light Brigade"

Joey
    $400 17
a parachute jump

Maria
    $400 13
a maraschino

Joey
    $600 3
Chile

Joey
    $600 20
(Maria: Who is Sam Snead?)

Bobby Jones

MariaSteve
    $600 28
nylon

Joey
    $600 8
a smoke

Maria
    $1,500 25
(Alex: Yes, sirree. The Lone Ranger's theme.)

the William Tell Overture

Joey
    $600 12
chintzy

Joey
    $800 4
Madagascar

Joey
    $800 21
(Steve: Who is Elston Howard?)
...
(Alex: Ah, it's the wit and wisdom of [*].)

Yogi Berra

Steve
Triple Stumper
    $800 29
cotton

Joey
    $800 9
the sky

Maria
    $800 26
the telephone

Steve
    $800 14
kachinas

Maria
    $1000 5
(Joey: What is Kazakhstan?)

Outer Mongolia

JoeyMaria
    $1000 22
(Steve: Who is Billie Jean King?)

Chris Evert

Steve
Triple Stumper
    $1000 30
flax

Maria
    $1000 10
(Alex: [To Maria] Well done! You know your Victorian verse.)

your heart

Maria
    $1000 27
(Joey: Who's Tocqueville?)

the Marquis de Lafayette

Joey
Triple Stumper
    $1000 15
(George) Balanchine

Joey

Scores at the first commercial break (after clue 15):

Joey Maria Steve
$3,200 $4,400 $200

Scores at the end of the Jeopardy! Round:

Joey Maria Steve
$5,900 $5,400 $200

Double Jeopardy! Round responses

AN OVID READER
VAMPIRE SLAYERS
(Alex: Since we're close to Halloween.)
FRUITS & VEGETABLES
"M"USIC
NEW WORLD EXPLORERS
FUN WITH WORDS
    $400 7
Troy

Joey
    $400 6
Buffy the Vampire Slayer

Maria
    $400 17
a tomato

Maria
    $400 1
a measure

Joey
    $400 16
(Sir) Francis Drake

Maria
    $400 26
courage

Joey
    $800 8
time

Joey
    $800 12
Wesley Snipes

Joey
    $800 18
a key lime

Joey
    $800 2
(Joey: What are motifs?)
(Maria: What is a melange?)

medleys

JoeyMaria
Triple Stumper
    $800 19
De Soto

Maria
    $1200 9
Cupid

Maria
    $1200 13
Van Helsing

Joey
    $1200 23
a prune

Maria
    $1,000 3
(Joey: Who is Maria Callas?)

Dame Nellie Melba

Joey
    $6,200 20
Verrazzano

Maria
    $1200 29
[The end-of-round signal sounds.]

skid row

Maria
    $1600 10
Daedalus

Joey
    $1600 14
From Dusk till Dawn

Joey
    $1600 24
cabbage

Maria
    $1600 4
(Maria: What is tolare?)

Magnificat

Maria
Triple Stumper
    $1600 21
Ponce de Leon

Maria
    $1600 28
Password

Steve
    $2000 11
Jason

Joey
    $2000 15
Fright Night

Triple Stumper
    $2000 25
the grape

Maria
    $2000 5
the melodica

Triple Stumper
    $2000 22
(Steve: Who is Balboa?)
(Maria: Who is Drake?)

Juan Cabrillo

MariaSteve
Triple Stumper
    $2000 27
disarming

Triple Stumper

Scores at the end of the Double Jeopardy! Round:

Joey Maria Steve
$14,100 $18,000 -$200

[wagering suggestions for these scores]

Final Jeopardy! Round responses

20th CENTURY REPUBLICANS
(Alex: [To Joey] Which Republican did you think of? Barry Goldwater. No, not even close. That'll cost you everything. Well, it's looking pretty good for you, Maria!)
...
(Alex: The correct response is--"Who was [*]?" [*]. He was just 42.)
JoeyWho is Goldwater?
$14,100
MariaWho was [something scribbled out] Wilke?
$12,000
(Thomas) Dewey

Final scores:

Joey Maria Steve
$0 $6,000 -$200
2nd place: $2,000 New champion: $6,000 3rd place: $1,000

Game dynamics:

Coryat scores:

Joey Maria Steve
$14,200 $13,000 -$200
24 R
(including 1 DD),
5 W
(including 1 DD)
20 R
(including 1 DD),
4 W
5 R,
3 W

Combined Coryat: $27,000

[game clues] [game scores] [suggest correction]

Game tape date: 2005-08-16
The J! Archive is created by fans, for fans. Scraping, republication, monetization, and malicious use prohibited; this site may use cookies and collect identifying information. See terms. The Jeopardy! game show and all elements thereof, including but not limited to copyright and trademark thereto, are the property of Jeopardy Productions, Inc. and are protected under law. This website is not affiliated with, sponsored by, or operated by Jeopardy Productions, Inc. Join the discussion at JBoard.tv.